000 00253nam a22000977a 4500
999 _c509256
_d509256
082 _aB235
100 _aKrasin, Y.A.
_94867
245 _aLeninism and revoluton: reply to critics
_cby Y.A. Krasin
260 _aMoscow
_bNovosti Press Agency
300 _a92p.